00462nam a2200109Ia 4500008004100000050002400041100002200065245012900087260008600216300002000302521003000322140724s9999 xx 000 0 und d aHF 5549b.M266 2009 aManabat, Wilmark. aLearning facilities and services at the College Division of Southville International School and Colleges /cWilmark Manabat. aLas Piñas, Philippines :bSouthville International School and Colleges,cc2009. a69 p. :c28 cm. aHuman Resource Management